000 00896nam a2200229 a 4500
001 47738
003 BD-RjUL
005 20211209054401.0
008 160810s2013 bg ||||| |||| 00| 0 ben d
020 _a9789848934470
_c: Tk.280.00
035 _a(BD-RjUL)47857
040 _aBD-RjUL
_bben
_cBD-RjUL
_dBD-RjUL
041 _aben
082 _223
_a363.7
_bPAP 2013
100 _aপাল, নিশীথ কুমার
_9119563
245 1 0 _aপরিবেশের জানা অজানা কথা :
_bপরিবেশ বিজ্ঞান =Environmental Science /
_cনিশীথ কুমার পাল,
260 _aঢাকা :
_bআলেয়া বুক ডিপো,
_c২০১৩
300 _a২০৬ পৃ. ;
_c২৩ সেমি.
650 _aপরিবেশ বিজ্ঞান
_9122298
650 _aEnvironmental Science
_9122297
942 _2ddc
_cBK
999 _c47738
_d47738